000 00597nam a22002417a 4500
003 UA-OsUOA
001 95960
007 ta
008 20130313b un ||||| |||| 00| 0 ukr d
100 _aЛафонтен Ж.
090 _a821.133.1
_bЛ29
942 _cBK
040 _aUA-OsUOA
_brus
_cUA-OsUOA
_dUA-OsUOA
245 _aБасни
300 _a544 с.
955 _a3
041 _arus
080 _a821.133.1
020 _a5-9265-0012-5
260 _aМ.
_bАлгоритм
_c2000
650 7 _a82 Література. Літературознавство
_2UDC
999 _c382210
_d382210